Category Elimination - Movies #6 - Disney - Statistics

General Stats
  • This quiz has been taken 220 times
  • The average score is 14 of 20
Answer Stats
Group # Hint Answer % Correct
Green 64 Disney animated movie
100%
Green 41 … that was inspired by literature
97%
Orange 16 Disney princess
91%
Orange 12 ... that does not have blonde hair
91%
Orange 7 ... where the name is 6 letters long or less
88%
Purple 13 Disney villain
86%
Green 14 … from the Walt Disney Feature Animation era(1986-2005)
85%
Pink 10 Disney prince
84%
Purple 8 ... that is male
79%
Orange 3 ... who is born a commoner
78%
Pink 7 ... that first appeared post 1960
75%
Purple 5 ... who is dead
70%
Orange 1 ... and who saved a country Mulan
67%
Purple 3 ... that is human
64%
Pink 4 ... who is not considered to have prince in thier title
60%
Pink 2 ... who is a thief
57%
Green 8 … which is rated between ★★★⯪ and ★★★★/5 stars on Letterboxd
53%
Pink 1 ... and has a horse named Maximus Flynn Rider
51%
Purple 1 ... and has no supernatural powers Gaston
41%
Green 1 … and is about space pirates Treasure Planet
21%
No matching quizzes found
Score Distribution
Percent of People with Each Score
Percentile by Number Answered
Your Score History
You have not taken this quiz